000 00628nam a22002417a 4500
003 UA-OsUOA
001 7156
007 ta
008 20040615b un ||||| |||| 00| 0 ukr d
100 _aНемирович-Данченко В.И.
090 _a82-6
_bН50
942 _cBK
040 _aUA-OsUOA
_brus
_cUA-OsUOA
_dUA-OsUOA
245 _aРождение театра
_bВоспоминания, статьи, заметки, письма
300 _a576 с.
955 _a0
041 _arus
080 _a82-6
260 _aМосква
_bПравда
_c1989
044 _aRU
650 7 _2UDC
999 _c293317
_d293317